00747nam a2200229 a 4500001001300000003000900013005001700022008004100039020002500080082001300105100002200118245007700140260004400217300000900261500003500270505005000305650001600355902000800371942000700379952011400386999001700500nice12345678IN_TiNIC20260116014730.0050524s1999 mica grp 000 0 eng  a0802813 c474.500a236bBAU aBauckham, Richard aHope Against Hopeb Chsristian Eschatology at the Turn of the Millennium aMichiganbWilliam B.Eerdmans Pub c1999 a233p aincludes index and biblioraphy2 aNotes, Index of Personal Names, Subject Index aEschatology bSRS cBK 001040708StackRoom-aHMIbHMId2007-06-20g474.50l0o236 BAUp020005r2007-06-20v474.50w2005-05-24yBK c16700d16700